|
|
|
|
| LEADER |
00814nab a2200229 i 4500 |
| 001 |
publ25771 |
| 005 |
20221213160035.0 |
| 008 |
221213s2022 hu o 0|| Angol d |
| 022 |
|
|
|a 2365-6549
|
| 024 |
7 |
|
|a 10.1002/slct.202204244
|2 doi
|
| 024 |
7 |
|
|a 33307775
|2 mtmt
|
| 040 |
|
|
|a SZTE Publicatio Repozitórium
|b hun
|
| 041 |
|
|
|a Angol
|
| 100 |
1 |
|
|a Semghouli Anas
|
| 245 |
1 |
0 |
|a Synthesis of New β‐Amino Acid Scaffolds by Means of Ring‐Rearrangement Metathesis
|h [elektronikus dokumentum] /
|c Semghouli Anas
|
| 260 |
|
|
|c 2022
|
| 300 |
|
|
|a 9
|
| 490 |
0 |
|
|a CHEMISTRYSELECT
|v 7 No. 46
|
| 650 |
|
4 |
|a Általános orvostudomány
|
| 700 |
0 |
1 |
|a Remete Attila Márió
|e aut
|
| 700 |
0 |
1 |
|a Kiss Loránd
|e aut
|
| 856 |
4 |
0 |
|u http://publicatio.bibl.u-szeged.hu/25771/1/ChemistrySelect_2022_Semghouli_e202204244.pdf
|z Dokumentum-elérés
|